000 004620000a22001810004500
003 MACL
005 20150703160413.0
008 150703b xxu||||| |||| 00| 0 eng d
040 _aMACL
_cMACL
041 _aEnglish
082 _a300
100 _aAshra, Ali
_9499
245 _aTowards A Comman Destiny A Nationalist Manifesto
260 _bPeople's Publishing House
_c194
_aNew Delhi
350 _a300
650 _aSocial Science
_929
942 _cBK
_k300
_2ddc
999 _c2903
_d2903